Logo BPK

Bibliografia Prac Pracowników

Politechniki Koszalińskiej

Zastosowanie programu komputerowego experiment planner do identyfikacji procesów rozróżniania składników mieszaniny bulw ziemniaka i kamieni = Aplication of the experiment planner computer program to the process identification for discrinination of components in bulbs and stones mixture / (Rekord nr 3151)

Szczegóły MARC
000 -ETYKIETA REKORDU
podpole kontrolne o stałej długości 01362nab a2200229 i 4500
001 - NUMER KONTROLNY REKORDU
podpole kontrolne BPP
003 - IDENTYFIKATOR NUMERU KONTROLNEGO REKORDU
podpole kontrolne BPK
005 - DATA OSTATNIEJ MODYFIKACJI REKORDU
podpole kontrolne 20141206161838.0
008 - POLE O STAŁEJ DŁUGOŚCI - DANE KONTROLNE
podpole kontrolne o stałej długości 141206s2005 pl n f |000 0pol
040 ## - ŹRÓDŁO KATALOGOWANIA
Instytucja, która utworzyła rekord BPK
080 ## - UNIWERSALNA KLASYFIKACJA DZIESIĘTNA - UKD
UKD 004.42:
080 ## - UNIWERSALNA KLASYFIKACJA DZIESIĘTNA - UKD
UKD 631.3
100 ## - NAZWA OSOBOWA
Nazwa osobowa KUKIEŁKA, Leon.
Lata pracy 1996 - .
Instytucja Politechnika Koszalińska - Wydział Mechaniczny,
Wydział Katedra Maszyn Roboczych
245 ## - TYTUŁ/ODPOWIEDZIALNOŚĆ
Tytuł Zastosowanie programu komputerowego experiment planner do identyfikacji procesów rozróżniania składników mieszaniny bulw ziemniaka i kamieni = Aplication of the experiment planner computer program to the process identification for discrinination of components in bulbs and stones mixture /
Pozostałe elementy strefy tytułu i oznaczenia odpowiedzialności Maja Jakubowska, Leon Kukiełka.
260 ## - STREFA ADRESU WYDAWNICZEGO
Data publikacji, dystrybucji/powstania dokumentu 2005.
500 ## - UWAGI OGÓLNE
Tekst uwagi Dane z autopsji.
520 ## - UWAGA DOTYCZĄCA TREŚCI DOKUMENTU
Analiza dokumentacyjna, adnotacja itp. W artykule przedstawiono nowy program komputerowy do wspomagania eksperymentów. Opisano podstawowe jego możliwości na przykładzie sprawdzenia istotności wpływu czynników: ciężaru właściwego, długości, kształtu i masy na współczynnik rozpoznawania kamieni w składnikach mieszaniny bulw ziemniaka i kamieni.
650 #0 - HASŁO PRZEDMIOTOWE W FORMIE NAZWY OGÓLNEJ LUB JEDNOSTKOWEJ
Nazwa ogólna lub geograficzna Ziemniaki.
700 ## - HASŁO DODATKOWE - NAZWA OSOBOWA
Nazwa osobowa JAKUBOWSKA, Maja - doktorant.
Instytucja Politechnika Koszalińska - Wydział Mechaniczny,
Wydział Katedra Maszyn Roboczych
773 ## - TYTUŁ DOKUMENTU MACIERZYSTEGO
Wyrażenie wprowadzające W :
Tytuł Inżynieria Rolnicza. -
Informacje dotyczące relacji R. 9, 2005, nr 14(74), s. 147-154
942 ## - HASŁO DODATKOWE - ELEMENTY(KOHA)
Typ dokumentu Artykuł
Schemat klasyfikacji Uniwersalna klasyfikacja dziesiętna
Egzemplarze
Wycofany Zagubiony Uszkodzony Dostępność Lokalizacja stała Lokalizacja bieżąca Sygnatura Typ dokumentu
      Dostępny Bibliografia Prac Pracowników - BPK Bibliografia Prac Pracowników - BPK 01443 Artykuł
© 2014 Biblioteka Politechniki Koszalińskiej :: BIBLIOGRAFIA PRAC PRACOWNIKÓW